Scottish Government publishes new circular on compulsory purchase orders (Record no. 83536)

MARC details
000 -LEADER
fixed length control field 00900cad a22002055a 4500
001 - CONTROL NUMBER
control field E154213
008 - FIXED-LENGTH DATA ELEMENTS--GENERAL INFORMATION
fixed length control field 111101e20111028xxk 000 0 eng d
035 ## - SYSTEM CONTROL NUMBER
System control number (Sirsi) u154213
041 0# - LANGUAGE CODE
Language code of text/sound track or separate title eng
110 1# - MAIN ENTRY--CORPORATE NAME
Corporate name or jurisdiction name as entry element Dundas & Wilson
9 (RLIN) 3602
245 00 - TITLE STATEMENT
Title Scottish Government publishes new circular on compulsory purchase orders
Medium [electronic resource]
260 ## - PUBLICATION, DISTRIBUTION, ETC.
Date of publication, distribution, etc. 2011
490 ## - SERIES STATEMENT
Series statement Dundas & Wilson Alert
Volume/sequential designation 28 October 2011
520 ## - SUMMARY, ETC.
Summary, etc. Discusses the new Planning Circular 6/2011 on Compulsory Purchase Orders, which has been produced by the Scottish Government. See E154169 for the Circular itself.
590 ## - LOCAL NOTE (RLIN)
Local note KA
651 #4 - SUBJECT ADDED ENTRY--GEOGRAPHIC NAME
Geographic name Scotland
Chronological subdivision 1999-
690 ## - LOCAL SUBJECT ADDED ENTRY--TOPICAL TERM (OCLC, RLIN)
Topical term or geographic name as entry element ENVIRONMENTAL AND LAND CONSULTANCY-PLANNING AND DEVELOPMENT-COMPULSORY PURCHASE AND COMPENSATION
856 40 - ELECTRONIC LOCATION AND ACCESS
Uniform Resource Identifier <a href="https://www.dundas-wilson.com/publications/dw_cms_8248.asp">https://www.dundas-wilson.com/publications/dw_cms_8248.asp</a>
Public note View the article free of charge at www.dundas-wilson.com
942 ## - ADDED ENTRY ELEMENTS (KOHA)
Suppress in OPAC 0
Holdings
Withdrawn status Lost status Source of classification or shelving scheme Damaged status Not for loan Home library Current library Shelving location Date acquired Total Checkouts Full call number Barcode Date last seen Copy number Price effective from Koha item type
    Dewey Decimal Classification     Virtual Virtual Online 01/11/2011   ONLINE PUBLICATION 154213-1001 06/08/2019 1 06/08/2019 Book